Larra (Fígaro) / (Record no. 113807)
[ view plain ]
| 000 -LEADER | |
|---|---|
| campo de control de longitud fija | 00901nam a2200265 i 4500 |
| 001 - NÚMERO DE CONTROL | |
| campo de control | 113807 |
| 003 - IDENTIFICADOR DE NÚMERO DE CONTROL | |
| campo de control | ES-MaACL |
| 005 - FECHA Y HORA DE LA ÚLTIMA TRANSACCIÓN | |
| campo de control | 20251202150952.0 |
| 007 - CAMPO FIJO DE DESCRIPCIÓN FÍSICA--INFORMACIÓN GENERAL | |
| campo de control de longitud fija | t| |
| 008 - DATOS DE LONGITUD FIJA--INFORMACIÓN GENERAL | |
| campo de control de longitud fija | 061121s1906 sp aco |||| |bspa d |
| 080 ## - NÚMERO DE LA CLASIFICACIÓN DECIMAL UNIVERSAL | |
| Número de la Clasificación Decimal Universal | 929 Larra, Mariano José de |
| 100 1# - ENTRADA PRINCIPAL--NOMBRE DE PERSONA | |
| Nombre de persona | Nombela y Campos, Julio, |
| Fechas asociadas al nombre | 1866-1908 |
| 9 (RLIN) | 85933 |
| 245 10 - MENCIÓN DEL TÍTULO | |
| Título | Larra (Fígaro) / |
| Mención de responsabilidad, etc. | por Julio Nombela y Campos. |
| 260 ## - PUBLICACIÓN, DISTRIBUCIÓN, ETC. | |
| Lugar de publicación, distribución, etc. | Madrid : |
| Nombre del editor, distribuidor, etc. | Casa Editorial, |
| Fecha de publicación, distribución, etc. | 1906 ( |
| Fabricante | Imp. particular de La Última Moda) |
| 300 ## - DESCRIPCIÓN FÍSICA | |
| Extensión | 290 p. : |
| Otras características físicas | il., grab. ; |
| Dimensiones | 18 cm. |
| 490 1# - MENCIÓN DE SERIE | |
| Mención de serie | Autores célebres |
| 530 ## - NOTA DISPONIBLE DE FORMULARIO FÍSICO ADICIONAL | |
| Nota de formato físico adicional disponible | Disponible en formato digital. |
| 599 ## - NOTA A LAS ILUSTRACIONES | |
| NOTA A LAS ILUSTRACIONES | Con retr. y fot. |
| 600 14 - PUNTO DE ACCESO ADICIONAL DE MATERIA--NOMBRE DE PERSONA | |
| Nombre de persona | Larra, Mariano José de, |
| Fechas asociadas al nombre | 1809-1837 |
| 9 (RLIN) | 70287 |
| 830 0# - PUNTO DE ACCESO ADICIONAL DE SERIE-TÍTULO UNIFORME | |
| Título uniforme | Autores célebres |
| 9 (RLIN) | 184380 |
| 852 ## - LOCALIZACIÓN | |
| Ubicación | ES-MaACL |
| Número de control de estantería | D-1265 |
| Ubicación en estantería | Sala Valle Inclán |
| 856 4# - LOCALIZACIÓN Y ACCESO ELECTRÓNICOS | |
| Identificador Uniforme de Recursos | <a href="http://www.archive.org/details/larrafigaro00nombuoft ">http://www.archive.org/details/larrafigaro00nombuoft </a> |
| Texto de enlace | Ir a la página |
| 942 ## - ELEMENTOS DE ENTRADA SECUNDARIOS (KOHA) | |
| Fuente del sistema de clasificación o colocación | Clasificación decimal universal |
| Estatus retirado | Estado de pérdida | Estado de daño | No para préstamo | Colección | Biblioteca de origen | Biblioteca actual | Ubicación en estantería | Fecha de adquisición | Fuente de adquisición | Total de préstamos | Signatura topográfica completa | Código de barras | Visto por última vez | Precio de reemplazo | Tipo de ítem Koha |
|---|---|---|---|---|---|---|---|---|---|---|---|---|---|---|---|
| Colección digital | Biblioteca del Ateneo de Madrid | Biblioteca del Ateneo de Madrid | Sala Valle Inclán | 17/01/2008 | D-1265 | 901118691 | 23/02/2023 | 23/02/2023 | Libro impreso |
